Missing Word: First Song on the Album Quiz Stats

 Plays Quiz Updated Jan 28, 2016

Challenge
Share
Tweet
Embed
Score 0/16 Timer 03:00
0 Plays Today
Song Missing Word % Correct
Smells _____ Teen SpiritLike
96.9%
If I Never See Your _____ AgainFace
95.5%
I Wanna Dance with _____ (Who Loves Me)Somebody
87.7%
Hells _____Bells
83.5%
_____ in the DeepRolling
83.5%
Welcome to the _____Jungle
80.7%
_____ GirlMaterial
79.3%
Come _____Together
78.9%
Song Missing Word % Correct
_____ Than LifeLarger
76.9%
Where the _____ Have No NameStreets
71.9%
Seven _____ ArmyNation
66.7%
Just _____Dance
64.8%
Wanna Be _____ Somethin'Startin'
64.8%
If I Were A _____Boy
61%
_____ DogBlack
60.1%
_____ to Me Speak
22.3%

Today's Daily Dose

You're not logged in!

Compare scores with friends on all Sporcle quizzes.
OR
Log In

You Might Also Like...

Show Comments

Extras

Top Quizzes Today


Score Distribution

Your Account Isn't Verified!

In order to create a playlist on Sporcle, you need to verify the email address you used during registration. Go to your Sporcle Settings to finish the process.

Report this User

Report this user for behavior that violates our Community Guidelines.

Details: